header

Gender and migration in 21st century Europe (Record no. 54216)

MARC details
000 -LEADER
fixed length control field 01584nam a2200373Ia 4500
245 00 - TITLE STATEMENT
Title Gender and migration in 21st century Europe
260 ## - PUBLICATION, DISTRIBUTION, ETC. (IMPRINT)
Place of publication Farnham, Surrey, England ;
-- Burlington, VT :
Name of publisher Ashgate Pub.,
Year of publication 2009.
300 ## - PHYSICAL DESCRIPTION
Number of Pages xv, 247 p.
490 1# - SERIES STATEMENT
Series statement Law and migration
650 #0 - SUBJECT ADDED ENTRY--TOPICAL TERM
Topical Term Migration, Internal
Topical Term Migration, Internal
Topical Term Emigration and immigration law
700 1# - ADDED ENTRY--PERSONAL NAME
Personal name Stalford, Helen.
Personal name Currie, Samantha,
Personal name Velluti, Samantha.
856 40 - ELECTRONIC LOCATION AND ACCESS
Uniform Resource Identifier http://site.ebrary.com/lib/rucke/Doc?id=10325931

No items available.

© 2026 Rongo University
Contact us: librarian | system librarian | Rongo university